I. Levonható köztartozások után fizetett késedelmi kamatok a jövedelemadó-alapból levonandók

Elmentve itt :
Bibliográfiai részletek
Dokumentumtípus: Cikk
Megjelent: 1929
Sorozat:Polgári jog : a hazai és külföldi magánjog és hiteljog szemléje 5
Kulcsszavak:Adózás jövedelem
Online Access:http://misc.bibl.u-szeged.hu/5306
LEADER 00622nab a2200157 i 4500
001 misc5306
005 20191106142726.0
008 170607s1929 hu o 0|| hun d
040 |a SZTE Miscellanea Repozitórium  |b hun 
041 |a hun 
245 0 0 |a I. Levonható köztartozások után fizetett késedelmi kamatok a jövedelemadó-alapból levonandók  |h [elektronikus dokumentum] 
260 |c 1929 
300 |a 142-143b 
490 0 |a Polgári jog : a hazai és külföldi magánjog és hiteljog szemléje  |v 5 
695 |a Adózás jövedelem 
856 4 0 |u http://misc.bibl.u-szeged.hu/5306/1/polgari_jog_1929_142-143b.pdf  |z Dokumentum-elérés